La Tradición perdida : historia primitiva : revista filológica, gráfica, fonética, simbólica, parabólica, del país español, desde los más remotos tiempos de la creación del hombre historia primitiva :
Descripción Física:
1 vol. ; il. ; periodicitat: desconeguda ; 26 cm
Idioma:
Español
MARC
| LEADER | 00000nas a2200000 a 4500 | ||
|---|---|---|---|
| 001 | 28355 | ||
| 003 | AGDB | ||
| 005 | 20260324180134.0 | ||
| 008 | 160829s9999 xx 000 0 cat d | ||
| 040 | |a agdb |b cat | ||
| 041 | |a spa | ||
| 080 | |a Revistes | ||
| 245 | |a La Tradición perdida : |b historia primitiva : |b revista filológica, gráfica, fonética, simbólica, parabólica, del país español, desde los más remotos tiempos de la creación del hombre | ||
| 260 | |a Barcelona : |b Tip. Uliastres ; |c [187- ?] | ||
| 300 | |a 1 vol. ; |b il. ; periodicitat: desconeguda ; |c 26 cm | ||
| 310 | |a Desconeguda | ||
| 590 | |a Prové de 1381. | ||
| 650 | |a Espanya |x Història |x Revistes |9 47519 | ||
| 651 | 0 | |a Catalunya |x Geografia |v Revistes |9 56417 | |
| 655 | 0 | |9 55823 |a Revistes | |
| 866 | |a 187-? (1) | ||
| 901 | |a Arxiu | ||
| 942 | |n 1 |2 udc |c REV | ||
| 952 | |0 0 |1 0 |2 udc |4 0 |6 REV2352 |7 0 |9 53935 |a Arxiu |b Arxiu |d 2023-11-15 |h [Núm. 1 (187- ?)] |o Rev-2352 |p 28355 |r 2016-12-01 00:00:00 |w 2016-12-01 |y ARXIU | ||
| 999 | |c 57802 |d 57802 | ||